Elementary Theory of Structures / (Record no. 36645)

MARC details
000 -LEADER
fixed length control field 00464nam a22001817a 4500
005 - DATE AND TIME OF LATEST TRANSACTION
control field 20241009141108.0
008 - FIXED-LENGTH DATA ELEMENTS--GENERAL INFORMATION
fixed length control field 241007b |||||||| |||| 00| 0 eng d
020 ## - INTERNATIONAL STANDARD BOOK NUMBER
ISBN 9788323559479
082 ## - DEWEY DECIMAL CLASSIFICATION NUMBER
Classification number 624.173
Item number HSI-E
100 ## - MAIN ENTRY--AUTHOR
Author Name Hsieh Yuan-YU
245 ## - TITLE STATEMENT
Title Elementary Theory of Structures /
Statement of responsibility, etc. Hsieh Yuan-YU, Mau S.T
250 ## - EDITION STATEMENT
Edition statement 4th ed.
260 ## - PUBLICATION, DISTRIBUTION, ETC.
Place of Publication india;
Name of publisher, distributor, etc. pearson
Date of publication, distribution, etc. 2016
300 ## - PHYSICAL DESCRIPTION
Pages 382p.
650 ## - SUBJECT ADDED ENTRY--TOPICAL TERM
Subject / Department Engineering
300 ## - PHYSICAL DESCRIPTION
-- ill;
-- 24cm.
952 ## - LOCATION AND ITEM INFORMATION (KOHA)
-- 0
-- 0
952 ## - LOCATION AND ITEM INFORMATION (KOHA)
-- 0
-- 0
Holdings
Lost status Damaged status Collection code Permanent Location Current Location Shelving Location Date acquired Full Call Number Accession No./Barcode Date last seen Copy number item type Koha item type
    Engineering Superior Information Resource Center (SIRC) Superior University- Main Campus Superior Information Resource Center (SIRC) Superior University- Main Campus Civil 10/07/2024 624.173 HSI-E 2016 29505 10/07/2024 1 BOOK BOOK
    Engineering Superior Information Resource Center (SIRC) Superior University- Main Campus Superior Information Resource Center (SIRC) Superior University- Main Campus Civil 10/07/2024 624.173 HSI-E 2016 29506 10/07/2024 2 BOOK BOOK

Powered by Koha